Belgian 1st 2nd and 3th division teams 2022-2023 - Statistics

General Stats
  • This quiz has been taken 36 times
  • The average score is 31 of 49
Answer Stats
Division Province Answer % Correct
1B Pro League Brussels Anderlecht U21
100%
Jupiler Pro League Brussels RSC Anderlecht
100%
1B Pro League Limbourg Genk U21
97%
Jupiler Pro League Limbourg KRC Genk
97%
Jupiler Pro League Brussels Union SG
97%
Belgian National Division 1 Antwerp Antwerp U21
93%
Jupiler Pro League West Flanders Club Brugge
93%
1B Pro League West Flanders Club Brugge U21
93%
Belgian National Division 1 East Flanders Gent U21
93%
Jupiler Pro League East Flanders KAA Gent
93%
Belgian National Division 1 Flemish Brabant OH Leuven U21
93%
Jupiler Pro League Liege Standard Liege
93%
1B Pro League Liege Standard U21
93%
Jupiler Pro League Antwerp Antwerp FC
90%
1B Pro League Antwerp Beerschot VA
90%
Jupiler Pro League West Flanders Cercle Brugge
90%
Jupiler Pro League West Flanders KV Oostende
90%
Jupiler Pro League Antwerp KV Mechelen
86%
Jupiler Pro League Limbourg STVV
86%
Jupiler Pro League Hainaut Sporting Charleroi
83%
Belgian National Division 1 Hainaut Sporting Charleroi U21
83%
1B Pro League Brussels RWDM
79%
Jupiler Pro League West Flanders KV Kortrijk
76%
Jupiler Pro League East Flanders SV Zulte Waregem
76%
Jupiler Pro League Liege KAS Eupen
72%
Jupiler Pro League Antwerp KVC Westerlo
72%
1B Pro League East Flanders KSMK Deinze
69%
Jupiler Pro League Liege RFC Seraing
69%
1B Pro League Antwerp Lierse K
66%
Jupiler Pro League Flemish Brabant OH Leuven
59%
1B Pro League East Flanders FCV Dender
55%
1B Pro League Limbourg Lommel SK
55%
Belgian National Division 1 Liege RFC Liege
55%
1B Pro League East Flanders Waasland-Beveren
52%
Belgian National Division 1 Hainaut RAAL La Louviere
48%
1B Pro League Luxembourg Excelsior Virton
41%
Belgian National Division 1 Limbourg Patro Maasmechelen
41%
Belgian National Division 1 Hainaut Francs Borains
31%
Belgian National Division 1 West Flanders Knokke FC
24%
Belgian National Division 1 Hainaut Olympic Charleroi
21%
Belgian National Division 1 Antwerp Rupel Boom
21%
Belgian National Division 1 Antwerp Hoogstraten VV
17%
Belgian National Division 1 Flemish Brabant KVK Tienen
17%
Belgian National Division 1 Antwerp Dessel Sport
14%
Belgian National Division 1 Antwerp KSK Heist
14%
Belgian National Division 1 Limbourg Thes Sport
14%
Belgian National Division 1 East Flanders KVK Ninove
10%
Belgian National Division 1 Liege URSL Vise
7%
Belgian National Division 1 West Flanders Winkel Sport
7%
No matching quizzes found
Score Distribution
Percent of People with Each Score
Percentile by Number Answered
Your Score History
You have not taken this quiz